00536nam a22001817a 450000500170000001000150001702000110003203500140004303700090005708200080006610000200007424500540009426000410014827000510018930000210024049000060026150000870026720241218144022.0 aENG-143077 c400.00 aEN-126609 bDBAD a004 aBhattacharya, J aRudiments Of Computer Science/bBy J Bhattacharya aKolkatabAcademic Publicationsc2024 bKolkatae700073mcontact@academicpublishers.in a291p.;c27cm(pb) v1 aBased On New Curriculum of West Bengal Council For Higher Secondary Education 2024